00530 a2200145 4500001001000000005001700010008004100027245013800068100002300206700002400229700002300253700002700276700002600303773005500329ART_5445520260410161800.0260409a 10aUna propuesta de reforma tributaria para la reactivación de la producción y el nivel de empleo para el período post pandémico1 aAbelenda, Patricia1 aAlzueta, Gerónimo1 aDreiling, Paola E.1 aFernández, Margarita1 aVerrastro, María L.0 tDoctrina tributariag- N°500 (nov. 2021)wREV4296